Algoritmy i rekursivnyje funkcii

Enregistré dans:
Détails bibliographiques
Format: Livre
Langue:russe
Publié: Moskva Nauka 1986
Édition:2. izd.
Tags: Ajouter un tag
Pas de tags, Soyez le premier à ajouter un tag!

MARC

LEADER 00000nam a2200000 4500
001 c039353
005 20250711115128.8
041 0 |a rus 
044 |a RU 
245 1 0 |a Algoritmy i rekursivnyje funkcii  |c Anatolij Ivanovič Mal'cev 
250 |a 2. izd. 
264 1 |a Moskva  |b Nauka  |c 1986 
300 |a 367 s.